000 00594nam a2200229Ia 4500
003 OSt
005 20221005115440.0
006 a|||||r|||| 00| 0
007 ta
008 221004b |||||||| |||| 00| 0 mal d
024 _a62185
037 _cTextual
040 _aCRL
_cCRL
_bmal
041 _2mal
_amal
082 _aO32,3N14x, J71
100 _aPillai Thakazh Sivasan
_9627563
245 0 _aChangathikal
260 _c1957
650 _aMALAYALAM LITERATURE
_938866
942 _hO32,3N14x, J71
_cTEXL
_2cc
999 _c1034880
_d1034880